[Event "Turniej Niepodleglosci 2022"]
[Site "Warsaw POL"]
[Date "2022.11.11"]
[Round "1.1"]
[White "Bartel, Mateusz"]
[Black "Jakubowska, Anna"]
[Result "1-0"]
[WhiteElo "2533"]
[BlackElo "2039"]

1. Nf3 d5 2. g3 Nf6 3. Bg2 Bf5 4. d3 h6 5. c4 c6 6. O-O e6 7. Nc3 d4 8. Na4
Be7 9. Qb3 b6 10. Bf4 O-O 11. Rac1 Bg4 12. Ne5 Bxe2 13. Rfe1 Bh5 14. Nxc6
Nxc6 15. Bxc6 Bg4 16. c5 bxc5 17. Nxc5 Rc8 18. Nb7 Qb6 19. Qxb6 axb6 20.
Nd6 Rcd8 21. Nb7 Rc8 22. a3 Bf5 23. Nd6 Rxc6 24. Nxf5 Bc5 25. Ne7+ Bxe7 26.
Rxc6 Rd8 27. Rec1 Kh7 28. Bc7 Rd5 29. Bxb6 Ng4 30. Rc7 Bg5 31. R1c5 Rd6 32.
R5c6 Rd5 33. Rc5 Rd6 34. R7c6 Rd7 35. h3 1-0

[Event "Turniej Niepodleglosci 2022"]
[Site "Warsaw POL"]
[Date "2022.11.11"]
[Round "1.2"]
[White "Osiecki, Stanislaw"]
[Black "Gajewski, Grzegorz"]
[Result "0-1"]
[WhiteElo "2032"]
[BlackElo "2489"]

1. e4 c5 2. c3 d5 3. e5 d4 4. Bc4 e6 5. Nf3 Ne7 6. O-O Ng6 7. d3 Nc6 8. Re1
Be7 9. a4 b6 10. g3 Bb7 11. h4 Qc7 12. Qe2 h6 13. h5 Nf8 14. Bf4 Nh7 15.
Na3 a6 16. Nc2 Ng5 17. Bxg5 hxg5 18. g4 O-O-O 19. cxd4 g6 20. hxg6 Nxd4 21.
Ncxd4 Rxd4 22. Nh2 fxg6 23. Bxe6+ Kb8 24. f3 c4 25. dxc4 Bc5 26. Kg2 Qh7
0-1

[Event "Turniej Niepodleglosci 2022"]
[Site "Warsaw POL"]
[Date "2022.11.11"]
[Round "1.3"]
[White "Nasuta, Grzegorz"]
[Black "Dalkowski, Rafal"]
[Result "1-0"]
[WhiteElo "2452"]
[BlackElo "2030"]

1. e4 c5 2. Nf3 g6 3. d4 cxd4 4. Nxd4 Nc6 5. c4 Nf6 6. Nc3 Nxd4 7. Qxd4 d6
8. Be3 Bg7 9. f3 O-O 10. Qd2 Be6 11. Rc1 Qa5 12. Bd3 Rfc8 13. b3 Nd7 14. f4
Nc5 15. Bb1 Bd7 16. O-O Bc6 17. Bd4 Bxd4+ 18. Qxd4 Ne6 19. Qd3 Qc5+ 20. Kh1
Qd4 21. Qe2 a5 22. Nd5 Re8 23. Rcd1 Qg7 24. f5 Bxd5 25. exd5 Nc5 26. fxg6
hxg6 27. Qg4 Rad8 28. Rf4 Nd7 29. Rdf1 Ne5 30. Qg3 Qh6 31. Rxf7 Nxf7 32.
Bxg6 Ng5 33. Bxe8 Rxe8 34. Rf5 Rf8 35. Qxg5+ Qxg5 36. Rxg5+ Kh7 37. Kg1 1-0

[Event "Turniej Niepodleglosci 2022"]
[Site "Warsaw POL"]
[Date "2022.11.11"]
[Round "1.4"]
[White "Krasenkova, Elena"]
[Black "Krasenkow, Michal"]
[Result "0-1"]
[WhiteElo "2024"]
[BlackElo "2450"]

1. e4 e5 2. Nf3 Nc6 3. Bc4 Bc5 4. d3 d6 5. c3 Nf6 6. O-O O-O 7. Be3 Bxe3 8.
fxe3 Na5 9. Bb5 a6 10. Ba4 b5 11. Bc2 c5 12. a4 Bb7 13. Nbd2 Nc6 14. axb5
axb5 15. Qe2 Qe7 16. d4 exd4 17. exd4 cxd4 18. cxd4 Nb4 19. Rxa8 Bxa8 20.
Bb1 Bc6 21. e5 dxe5 22. dxe5 Nfd5 23. Ne4 Qa7+ 24. Qf2 Qxf2+ 25. Kxf2 Nf4
26. Nc5 Rd8 27. g3 Nfd3+ 28. Nxd3 Nxd3+ 29. Ke3 Nxb2 30. Ng5 Nd1+ 31. Kf4
Rd4+ 32. Kf5 Ne3# 0-1

[Event "Turniej Niepodleglosci 2022"]
[Site "Warsaw POL"]
[Date "2022.11.11"]
[Round "1.5"]
[White "Jakubowski, Krzysztof"]
[Black "Grochulski, Grzegorz"]
[Result "1-0"]
[WhiteElo "2404"]
[BlackElo "2019"]

1. c4 e5 2. Nc3 Nf6 3. e3 Bb4 4. Nge2 O-O 5. a3 Bxc3 6. Nxc3 Re8 7. Be2 d5
8. cxd5 Nxd5 9. O-O Nxc3 10. bxc3 e4 11. f3 Bf5 12. Qb3 exf3 13. Bxf3 Nd7
14. Bh5 Be6 15. Bxf7+ Bxf7 16. Rxf7 Nc5 17. Qc4 Ne6 18. Rf5 g6 19. Re5 Qd6
20. d4 Kg7 21. e4 c5 22. Rd5 Qe7 23. dxc5 Rac8 24. Be3 Rc7 25. Rf1 Kg8 26.
Re5 Kg7 27. Bd4 Qd7 28. Rxe6+ 1-0

[Event "Turniej Niepodleglosci 2022"]
[Site "Warsaw POL"]
[Date "2022.11.11"]
[Round "1.6"]
[White "Slomczewski, Michal"]
[Black "Janczarski, Michal"]
[Result "0-1"]
[WhiteElo "2008"]
[BlackElo "2401"]

1. e4 c6 2. Nf3 g6 3. d4 d5 4. exd5 cxd5 5. Bd3 Nc6 6. c3 Bf5 7. Bxf5 gxf5
8. Qd3 e6 9. Bg5 Be7 10. Bxe7 Qxe7 11. Nbd2 Nf6 12. Ne5 Nxe5 13. dxe5 Ne4
14. Qb5+ Kf8 15. Nxe4 fxe4 16. O-O Rg8 17. f4 a6 18. Qe2 Kg7 19. f5 Kh8 20.
f6 Qc5+ 21. Kh1 Rg5 22. h4 Rxe5 23. Rf4 Rg8 24. Raf1 Qf8 25. Rg4 e3 26.
Rxg8+ Qxg8 27. Rf3 Qg4 28. g3 Qxf3+ 29. Qxf3 e2 30. Qg4 e1=Q+ 31. Kh2 Re2+
0-1

[Event "Turniej Niepodleglosci 2022"]
[Site "Warsaw POL"]
[Date "2022.11.11"]
[Round "1.7"]
[White "Kanarek, Marcel"]
[Black "Alvarado, Carlos"]
[Result "1-0"]
[WhiteElo "2388"]
[BlackElo "2003"]

1. e4 c6 2. d4 d5 3. exd5 cxd5 4. Bd3 Nc6 5. c3 Nf6 6. h3 Qc7 7. Ne2 e6 8.
Bf4 Bd6 9. Bxd6 Qxd6 10. Nd2 Bd7 11. Nf3 O-O 12. O-O Rac8 13. Re1 Ne4 14.
Nc1 f5 15. Be2 Be8 16. Nd3 b5 17. a3 Na5 18. Nfe5 Nc4 19. Bf3 Qe7 20. g3
Rf6 21. Bg2 Rh6 22. Qc1 a5 23. Nf3 Bh5 24. Nfe5 a4 25. h4 Na5 26. Qf4 Nb3
27. Rab1 Ned2 28. Nf3 Bxf3 29. Bxf3 Nxb1 30. Rxb1 Na5 31. Re1 Qc7 32. Qg5
Qd8 33. Nf4 Qe8 34. Bxd5 Kh8 35. Rxe6 Qf8 36. Re5 Rf6 37. h5 Nc4 38. Ng6+
Rxg6 39. hxg6 Rd8 40. Bf7 Nxe5 41. dxe5 Rb8 42. e6 1-0

[Event "Turniej Niepodleglosci 2022"]
[Site "Warsaw POL"]
[Date "2022.11.11"]
[Round "1.8"]
[White "Syrkiewicz, Michal"]
[Black "Piesik, Piotr"]
[Result "0-1"]
[WhiteElo "1993"]
[BlackElo "2376"]

1. c4 g6 2. Nc3 Bg7 3. g3 Nc6 4. Bg2 d6 5. d3 e5 6. e4 Nge7 7. Nge2 O-O 8.
O-O f5 9. f4 Be6 10. Nd5 Qd7 11. Be3 Rf7 12. Qd2 Raf8 13. Rab1 fxe4 14.
dxe4 Nc8 15. b3 Bh3 16. Rbd1 Bxg2 17. Kxg2 exf4 18. Rxf4 Ne5 19. Rdf1 c6
20. Ndc3 Qe7 21. Nd4 Rxf4 22. Rxf4 Rxf4 23. Bxf4 Nb6 24. Nf3 Nbd7 25. Nd1
Nc5 26. Nf2 Bf6 27. h3 Nf7 28. Qc2 Ne6 29. Be3 a6 30. Qd3 Ne5 31. Nxe5 Bxe5
32. Ng4 Bg7 33. Nf2 Nd8 34. Bf4 Nf7 35. Ng4 h5 36. Nf2 Qe6 37. h4 Be5 38.
Nh3 Bxf4 39. Nxf4 Qf6 40. Qe3 Ne5 41. Qb6 Qe7 42. Qd4 Kh7 43. Nh3 Qf6 44.
Nf4 Kh6 45. Qd2 Kg7 46. Qd4 Kf7 47. Qa7 Qe7 48. Qd4 Ng4 49. Nh3 Qf6 50.
Ng5+ Ke7 51. Qxf6+ Kxf6 52. Kf3 Ne5+ 53. Ke3 Nd7 54. Nf3 a5 55. Ne1 Nc5 56.
Nd3 Ne6 57. a3 Nf8 58. b4 axb4 59. axb4 Nd7 60. Kd4 Ke7 61. c5 dxc5+ 62.
Nxc5 b6 63. Nd3 Kd6 64. e5+ Ke6 65. Nf4+ Kf5 66. e6 Nf6 67. e7 Ne8 68. Kc4
Kf6 69. Kd4 Nd6 70. Ke3 Nf5+ 71. Ke4 Nxe7 72. Nd3 Ke6 73. Nf4+ Kd6 74. Kd4
Nf5+ 75. Kc4 b5+ 76. Kc3 Nxg3 77. Nxg6 c5 78. bxc5+ Kxc5 79. Nf4 Ne4+ 80.
Kb3 Nf6 81. Kc3 Nd5+ 82. Kb3 Nxf4 0-1

[Event "Turniej Niepodleglosci 2022"]
[Site "Warsaw POL"]
[Date "2022.11.11"]
[Round "1.9"]
[White "Golubka, Petro"]
[Black "Zdybel, Przemyslaw"]
[Result "1-0"]
[WhiteElo "2360"]
[BlackElo "1992"]

1. e4 c5 2. b3 g6 3. Bb2 Nf6 4. e5 Nd5 5. Qf3 Nc7 6. Bc4 Ne6 7. h4 Nc6 8.
h5 Bg7 9. hxg6 hxg6 10. Rxh8+ Bxh8 11. Bxe6 dxe6 12. Qh3 Bg7 13. Qh7 Kf8
14. Nf3 Nb4 15. Na3 b6 16. O-O-O Bb7 17. Qh3 Bxf3 18. Qxf3 Qd5 19. Qxd5
exd5 20. Kb1 a6 21. d4 e6 22. c4 dxc4 23. Nxc4 b5 24. Nb6 Rd8 25. f4 Ke8
26. a4 Bf8 27. a5 Nd5 28. Rc1 Nxb6 29. axb6 cxd4 30. Bxd4 Rb8 31. Rc7 Be7
32. Ra7 Bd8 33. Rxa6 Kd7 34. Ra7+ Kc6 35. Rxf7 Bxb6 36. Bxb6 Rxb6 37. Rf8
Kd5 38. Rd8+ Ke4 39. Rd6 Rb8 40. Rxe6 Kxf4 41. Rxg6 Kxe5 42. Kb2 Kd4 43.
Rg4+ Kd3 44. Ka3 Kc3 45. Rg3+ Kc2 46. Kb4 Rb7 47. Rg5 Rd7 48. Rg3 Rd5 49.
Rf3 Rg5 50. g3 Kd2 51. Ka5 Kc2 52. b4 Kb2 53. Re3 Kc2 54. g4 Kb2 55. Rg3
Kc2 56. Kb6 Kd2 57. Kc6 Ke2 58. Rc3 Rxg4 59. Kxb5 Kd2 60. Rc4 Rg6 61. Rc6
Rg4 62. Ka5 Kd3 63. b5 Kd4 64. Ka6 Kd5 65. Rc1 Ra4+ 66. Kb7 Rb4 67. b6 Kd6
68. Ka7 Kd7 69. b7 Ra4+ 70. Kb8 Rb4 71. Rd1+ Kc6 72. Kc8 Rh4 73. Rc1+ Kd5
1-0

[Event "Turniej Niepodleglosci 2022"]
[Site "Warsaw POL"]
[Date "2022.11.11"]
[Round "1.10"]
[White "Jarocka, Liwia"]
[Black "Kosiorek, Marek"]
[Result "1/2-1/2"]
[WhiteElo "1989"]
[BlackElo "2347"]

1. e4 d6 2. d4 Nf6 3. Nc3 c6 4. g3 e5 5. Bg2 exd4 6. Qxd4 Qb6 7. Qd1 Be7 8.
Nge2 O-O 9. O-O Re8 10. Bf4 Qc7 11. Nd4 Bf8 12. Qd2 Nbd7 13. Rad1 Ne5 14.
Bg5 Qe7 15. b3 h6 16. Bf4 Nh5 17. Be3 Ng4 18. Rfe1 Nxe3 19. Qxe3 Nf6 20.
Qd3 Qc7 21. Qc4 Qb6 22. Qd3 Bg4 23. f3 Bd7 24. Na4 Qa5 25. c4 Rad8 26. Qc3
Qxc3 27. Nxc3 Bc8 28. Kh1 g6 29. h3 Bg7 30. Kh2 h5 31. h4 Nd7 32. Nce2 a5
33. Bh3 Kf8 34. Kg2 Nc5 35. Bxc8 Rxc8 36. Nc2 Rcd8 37. Nf4 Bc3 38. Re2 Kg7
39. Nd3 Nxd3 40. Rxd3 Bb4 41. Nxb4 axb4 42. Red2 Re6 43. Rd4 c5 44. Rd5 Ra8
45. Kf2 Ra6 46. Ke3 Kf6 47. g4 hxg4 48. fxg4 Ke7 49. h5 gxh5 50. gxh5 Ra8
51. Rh2 Rh8 52. Rf5 Rhh6 53. Kf4 Rh8 54. e5 Rh7 55. exd6+ Kxd6 56. Rd2+ Kc6
57. Rd8 Re2 58. Rc8+ Kd6 59. Rcxc5 Rxa2 60. Rcd5+ Kc6 61. Rc5+ Kd6 62.
Rcd5+ Kc6 63. Rc5+ Kd6 64. Rfd5+ Ke6 65. Rb5 Rh2 66. Rb6+ Ke7 67. Rxb7+ Ke6
68. Rb6+ Ke7 69. Rb7+ Ke6 70. Rxb4 R7xh5 71. Rb6+ Ke7 72. Rb7+ Ke6 73. Rb6+
Ke7 74. Rxh5 Rxh5 75. Rb7+ Ke6 76. Rb6+ Ke7 77. Kg4 Rh1 78. c5 Rf1 79. b4
Kd7 80. Kg3 Kc7 81. Kg2 Rf4 82. Kg3 Rf1 83. Kg4 Rf2 84. Kg5 Rf1 85. Rf6 Rb1
86. Rxf7+ Kc6 87. Rf6+ Kc7 88. Rb6 Rf1 89. Kg6 Rf2 90. Rf6 Rb2 91. Rf4 Kc6
92. Kg5 Kb5 93. Kf5 Kc6 94. Ke5 Rb1 95. Rf6+ Kc7 96. Rb6 Rd1 97. Ke4 Rd2
98. b5 Rb2 99. Kd4 Rb1 100. Rc6+ Kb7 101. Rb6+ Kc7 102. Rc6+ Kb7 103. Rb6+
Kc7 104. Kd3 Rb2 105. Kc3 Rb1 106. Kc2 Rb4 107. Rc6+ Kb7 108. Rb6+ Kc7 109.
Kd2 Rb1 110. Rc6+ Kb7 111. Rb6+ Kc7 112. Kc2 Rb4 113. Kc3 Rb1 114. Kc2 Rb4
115. Kc3 Rb1 116. Rc6+ Kb7 117. Rb6+ Kc7 118. Kc2 Rb4 119. Kc3 Rb1 120. Kd3
Rb2 121. Kc4 Rc2+ 122. Kb4 Rb2+ 123. Kc4 Rc2+ 124. Kb4 Rb2+ 125. Kc3
1/2-1/2

[Event "Turniej Niepodleglosci 2022"]
[Site "Warsaw POL"]
[Date "2022.11.11"]
[Round "1.11"]
[White "Nguyen, Piotr"]
[Black "Adamski, Jan"]
[Result "1/2-1/2"]
[WhiteElo "2330"]
[BlackElo "1969"]

1. Nf3 Nf6 2. c4 e6 3. g3 a6 4. Bg2 b5 5. b3 c5 6. O-O Bb7 7. Bb2 Be7 8.
Na3 Qb6 9. d4 d6 10. e3 O-O 11. Qe2 Nbd7 12. Rfd1 Rab8 13. dxc5 dxc5 14.
Ne5 Rfd8 15. Nxd7 Nxd7 16. Rd2 Bxg2 17. Kxg2 b4 18. Nc2 Bf6 19. Bxf6 Nxf6
20. Rad1 Ne4 21. Rxd8+ Rxd8 22. Ne1 h6 23. f3 Nc3 24. Rxd8+ Qxd8 25. Qc2
Kf8 26. a3 a5 27. Nd3 Qd6 28. Nf2 f5 29. h4 1/2-1/2

[Event "Turniej Niepodleglosci 2022"]
[Site "Warsaw POL"]
[Date "2022.11.11"]
[Round "1.12"]
[White "Podgorski, Maciej"]
[Black "Psyk, Radoslaw"]
[Result "0-1"]
[WhiteElo "1959"]
[BlackElo "2330"]

1. e4 Nf6 2. e5 Nd5 3. d4 d6 4. c4 Nb6 5. f4 dxe5 6. fxe5 c5 7. d5 g6 8.
Bf4 Bg7 9. Nc3 O-O 10. Bd3 e6 11. dxe6 Bxe6 12. Qe2 Nc6 13. Nf3 Nd4 14. Qf1
Nxf3+ 15. gxf3 Qd4 16. Bg3 Nxc4 17. Bxc4 Bxc4 18. Qf2 Bxe5 19. Qxd4 Bxd4
20. O-O-O Rfe8 21. Rhe1 b6 22. Ne4 Kg7 23. b3 Bd5 24. Kb1 f5 25. Nd6 Rxe1
26. Rxe1 Bxf3 27. Re7+ Kf6 28. Rxh7 Be5 29. Rf7+ Ke6 30. Bxe5 Kxe5 31. Nc4+
Kf4 32. Nd2 Bd5 33. Rg7 g5 34. Kb2 g4 35. Rd7 Bc6 36. Rd6 Bf3 37. a4 Rh8
38. Rd7 Rxh2 39. Kc3 g3 40. Rxa7 g2 41. Rg7 Bg4 0-1

[Event "Turniej Niepodleglosci 2022"]
[Site "Warsaw POL"]
[Date "2022.11.11"]
[Round "1.13"]
[White "Kozak, Antoni"]
[Black "Parol, Pola"]
[Result "1-0"]
[WhiteElo "2326"]
[BlackElo "1941"]

1. d4 Nf6 2. Nf3 e6 3. c4 d5 4. Nc3 Bb4 5. Qa4+ Nc6 6. e3 O-O 7. Bd2 Bxc3
8. Bxc3 Ne4 9. Bd3 Nxc3 10. bxc3 Re8 11. Qc2 h6 12. O-O Qf6 13. Nd2 dxc4
14. Nxc4 e5 15. Be4 exd4 16. cxd4 Ne7 17. Rab1 c6 18. Ne5 Nd5 19. Rfc1 Qe7
20. Qb3 Nb6 21. a4 Be6 22. Qc2 Nd5 23. a5 Rab8 24. g3 Rec8 25. Qd2 Qa3 26.
Ra1 Qb4 27. Qxb4 Nxb4 28. Rab1 Na6 29. Bd3 Nc7 30. Rb2 f6 31. Nc4 Nb5 32.
f3 b6 33. Kf2 Kf7 34. axb6 axb6 35. Rxb5 cxb5 36. Nd6+ Ke7 37. Nxc8+ Rxc8
38. Rxc8 Bxc8 39. Bxb5 Kd6 40. e4 Be6 41. Ke3 Bb3 42. f4 Bc2 43. h4 Bb3 44.
Kd3 Ba2 45. Kc3 Bb1 46. e5+ Kc7 47. d5 Be4 48. Kd4 Bg2 49. d6+ Kd8 50. e6
1-0

[Event "Turniej Niepodleglosci 2022"]
[Site "Warsaw POL"]
[Date "2022.11.11"]
[Round "1.14"]
[White "Andrejczuk, Beata"]
[Black "Pacan-milej, Kosma"]
[Result "0-1"]
[WhiteElo "1928"]
[BlackElo "2302"]

1. e4 c6 2. Nc3 d5 3. f4 dxe4 4. Nxe4 Nf6 5. Nf2 g6 6. Nf3 Bg7 7. Bc4 O-O
8. d3 Nbd7 9. O-O Nb6 10. Bb3 a5 11. a4 Nbd5 12. Ne5 Nd7 13. Qe2 Nc5 14.
Bxd5 Qxd5 15. Bd2 Ne6 16. Nfg4 Nd4 17. Qd1 Bxg4 18. Nxg4 Qc5 19. c3 Nf5+
20. d4 Qb6 21. Rb1 c5 22. dxc5 Qxc5+ 23. Kh1 Rfd8 24. Qe2 Rd7 25. Ne5 Bxe5
26. fxe5 Rad8 27. Bf4 Qc6 28. Rbe1 Qe6 29. Rf3 Qb3 30. g4 Rd1 31. Rxd1
Rxd1+ 32. Rf1 Qd5+ 33. Kg1 Rxf1+ 34. Qxf1 Nh4 35. Bg3 Nf3+ 36. Kf2 Nxe5 37.
Bxe5 Qxe5 38. Qg2 Qc5+ 39. Ke1 b6 40. g5 Kg7 41. Kd2 Qc4 42. Qb7 Qf4+ 43.
Ke1 Qe5+ 44. Kd1 Qd6+ 45. Kc1 h6 46. gxh6+ Kxh6 47. Qg2 Kg7 48. Kc2 e5 49.
h4 Qf6 50. Qg3 Qf5+ 51. Kb3 e4 52. Qe3 Qe6+ 53. Kc2 f6 54. Qf4 e3 55. Qc7+
Kh6 56. Qf4+ Kh5 57. Kd3 e2 58. Qf3+ Kxh4 59. Qf4+ Kh5 60. Qh2+ Kg5 61.
Qg3+ Qg4 62. Qe3+ Kh4 0-1

[Event "Turniej Niepodleglosci 2022"]
[Site "Warsaw POL"]
[Date "2022.11.11"]
[Round "1.15"]
[White "Kowalski, Igor"]
[Black "Dunalewicz, Pawel"]
[Result "1-0"]
[WhiteElo "2299"]
[BlackElo "1925"]

1. d4 d5 2. c4 e6 3. Nc3 c5 4. cxd5 exd5 5. Nf3 Nc6 6. g3 Nf6 7. Bg2 cxd4
8. Nxd4 Bc5 9. Nb3 Bb6 10. O-O d4 11. Na4 O-O 12. Bg5 Re8 13. Re1 h6 14.
Nxb6 axb6 15. Bf4 g5 16. Bd2 Bf5 17. e3 d3 18. Bc3 Ne4 19. Nd4 Nxc3 20.
bxc3 Nxd4 21. cxd4 Qd7 22. e4 Bg6 23. Qxd3 Ra4 24. d5 f6 25. f4 gxf4 26.
gxf4 Kh7 27. Re3 Qd6 28. f5 Bh5 29. Rh3 Bf7 30. Qe3 h5 31. Kh1 Raxe4 32.
Bxe4 Rxe4 33. Rxh5+ Bxh5 34. Qxe4 Bf7 35. Rd1 Kg8 36. a4 Kf8 37. Qd4 Qe5
38. Qxe5 fxe5 39. Kg2 Ke7 40. d6+ Kd8 41. Rd2 Be8 42. Kf3 Bxa4 43. Ke4 1-0

[Event "Turniej Niepodleglosci 2022"]
[Site "Warsaw POL"]
[Date "2022.11.11"]
[Round "1.16"]
[White "Laszczak, Przemyslaw"]
[Black "Kacprzak, Karol"]
[Result "0-1"]
[WhiteElo "1923"]
[BlackElo "2296"]

1. d4 Nf6 2. c4 e6 3. g3 c5 4. d5 exd5 5. cxd5 d6 6. Nc3 g6 7. Bg2 Bg7 8.
Nf3 O-O 9. O-O Re8 10. Nd2 Nbd7 11. Nc4 Nb6 12. Qb3 Nxc4 13. Qxc4 a6 14. a4
b5 15. Qh4 b4 16. Ne4 Nxe4 17. Qxd8 Rxd8 18. Bxe4 c4 19. a5 Re8 20. Bf3 Bf5
21. Ra4 Rab8 22. Bf4 Bc2 23. Raa1 Rbd8 24. Bg5 Rd7 25. Rac1 b3 26. Bg4 f5
27. Bf3 Bxb2 28. Rb1 Bxb1 29. Rxb1 Bg7 30. e3 h6 31. Bf4 g5 32. Bxd6 Rxd6
33. Be2 Rc8 0-1

[Event "Turniej Niepodleglosci 2022"]
[Site "Warsaw POL"]
[Date "2022.11.11"]
[Round "1.18"]
[White "Dylong, Antoni"]
[Black "Nurkiewicz, Maciej"]
[Result "0-1"]
[WhiteElo "1910"]
[BlackElo "2246"]

1. e4 c5 2. c3 d5 3. exd5 Qxd5 4. d4 Nc6 5. Nf3 Bg4 6. Be2 cxd4 7. cxd4 e6
8. Nc3 Qa5 9. O-O Nf6 10. Ne5 Bxe2 11. Nxc6 Qxc3 12. Qxe2 Qxc6 13. Bg5 Be7
14. Rac1 Qd7 15. Rfd1 Nd5 16. Bxe7 Qxe7 17. Qe5 O-O 18. Rc5 Rfd8 19. Rdc1
h6 20. g3 b6 21. R5c4 Qg5 22. Qe4 Qd2 23. R1c2 Qd1+ 24. Kg2 Qh5 25. a4 Nf6
26. Qb7 Qd5+ 0-1

[Event "Turniej Niepodleglosci 2022"]
[Site "Warsaw POL"]
[Date "2022.11.11"]
[Round "1.19"]
[White "Karolczuk, Iwo"]
[Black "Niezhentsev, Kyrylo"]
[Result "1-0"]
[WhiteElo "2245"]
[BlackElo "1909"]

1. d4 Nf6 2. c4 e6 3. g3 c6 4. Nf3 Be7 5. Bg2 d5 6. O-O b6 7. Qc2 O-O 8. b3
Nbd7 9. Bb2 Ba6 10. Nbd2 c5 11. dxc5 bxc5 12. e4 Nxe4 13. Nxe4 dxe4 14.
Qxe4 Nf6 15. Qc6 Qd6 16. Ne5 Rac8 17. Qa4 Qb6 18. Nc6 Rfe8 19. Nxe7+ Rxe7
20. Rfd1 Bb7 21. Bxb7 Qxb7 22. Bxf6 gxf6 23. Rd6 Kg7 24. Rad1 Qe4 25. Qa5
h5 26. h4 Qf3 27. Qd2 Qe4 28. Re1 Qf5 29. Qe3 Rcc7 30. Red1 Qc2 31. Rd8 Re8
32. R8d2 Qf5 33. Rd6 Qc2 34. R1d2 Qb1+ 35. Kg2 Qf5 36. Qe2 Ree7 37. Rd8 Qb1
38. Qe3 Qg6 39. Qf3 e5 40. Qa8 Qh7 41. Qd5 e4 42. Re2 Re5 43. Qd6 Rce7 44.
Re3 f5 45. Ra8 Qg6 46. Qb8 Re8 47. Qxa7 f4 48. Rxe8 Rxe8 49. Re1 fxg3 50.
fxg3 e3 51. Qxc5 Qe4+ 52. Kh3 Qg4+ 53. Kh2 Qf3 54. Qg5+ Kh7 55. Qf4 Qf2+
56. Qxf2 exf2 57. Rf1 Re2 58. Kg2 Rxa2 59. Rxf2 Ra3 60. Rxf7+ Kg6 61. Rf3
Ra2+ 62. Kf1 Rb2 63. Ke1 1-0

[Event "Turniej Niepodleglosci 2022"]
[Site "Warsaw POL"]
[Date "2022.11.11"]
[Round "1.20"]
[White "Kieres, Tadeusz"]
[Black "Chomczyk, Marek"]
[Result "0-1"]
[WhiteElo "1884"]
[BlackElo "2227"]

1. d4 g6 2. e4 d6 3. Nf3 Bg7 4. Be2 Nf6 5. Nc3 O-O 6. O-O c6 7. h3 Qc7 8.
Re1 e5 9. dxe5 dxe5 10. Be3 Nh5 11. a4 Nf4 12. Bc4 Be6 13. Bxe6 Nxe6 14.
Ne2 Nd7 15. Qd3 Rfd8 16. Qc4 Nf6 17. Rad1 a6 18. Nc3 b5 19. axb5 axb5 20.
Qb3 Bf8 21. Rxd8 Rxd8 22. Bg5 Nxg5 23. Nxg5 h6 24. Nf3 Bc5 25. Qa2 Qb6 26.
Nxe5 Bxf2+ 27. Kh1 Qc7 28. Nd3 Rxd3 29. Rf1 Rd2 30. e5 Qxe5 31. Qa8+ Kg7
32. Qxc6 Rxc2 33. Qxb5 Qxb5 34. Nxb5 Rxb2 35. Nd6 Rc2 36. g4 Bc5 0-1

[Event "Turniej Niepodleglosci 2022"]
[Site "Warsaw POL"]
[Date "2022.11.11"]
[Round "2.1"]
[White "Kubicka, Anna"]
[Black "Bartel, Mateusz"]
[Result "0-1"]
[WhiteElo "2162"]
[BlackElo "2533"]

1. e4 e5 2. Nf3 Nc6 3. Bb5 a6 4. Ba4 Nf6 5. O-O b5 6. Bb3 Bb7 7. d3 Be7 8.
Nc3 O-O 9. Nd5 Na5 10. Nxe7+ Qxe7 11. Bg5 h6 12. Bh4 d6 13. Qd2 Nxb3 14.
axb3 Qe6 15. Bxf6 Qxf6 16. Qe3 Qe7 17. Nd2 f5 18. exf5 Rxf5 19. f4 Raf8 20.
Rae1 Qh4 21. fxe5 Rxe5 22. Rxf8+ Kxf8 23. Rf1+ Kg8 24. Qf2 Qe7 25. Qa7 c5
26. Qb8+ Kh7 27. Qf8 Qg5 28. Qf2 Qe7 29. Qf8 Qe6 30. Nf3 Rf5 31. Qb8 Qe3+
32. Kh1 Rxf3 33. Rg1 Rf7 0-1

[Event "Turniej Niepodleglosci 2022"]
[Site "Warsaw POL"]
[Date "2022.11.11"]
[Round "2.2"]
[White "Gajewski, Grzegorz"]
[Black "Chylewski, Patryk"]
[Result "1-0"]
[WhiteElo "2489"]
[BlackElo "2168"]

1. c4 c5 2. Nc3 Nc6 3. g3 g6 4. Bg2 Bg7 5. Nf3 d6 6. O-O e5 7. d3 Nge7 8.
Bg5 h6 9. Bxe7 Nxe7 10. Ne1 O-O 11. Nc2 Rb8 12. Rb1 Be6 13. Ne3 Nc6 14. a3
Qd7 15. b4 cxb4 16. axb4 Ne7 17. b5 a6 18. Ncd5 Nxd5 19. Nxd5 Bxd5 20. Bxd5
a5 21. b6 Ra8 22. Qb3 Ra6 23. Qa3 Bf6 24. Rb5 Rfa8 25. f4 e4 26. dxe4 Bd4+
27. e3 Bxb6 28. Rfb1 Qc7 29. Kg2 a4 30. Qc3 Rf8 31. Qf6 Kh7 32. c5 Qd8 33.
Qxd8 Bxd8 34. Rxb7 dxc5 35. Bxf7 Ra5 36. Bc4+ Kh8 37. Rd7 a3 38. Rbb7 1-0

[Event "Turniej Niepodleglosci 2022"]
[Site "Warsaw POL"]
[Date "2022.11.11"]
[Round "2.3"]
[White "Mickiewicz, Piotr"]
[Black "Nasuta, Grzegorz"]
[Result "0-1"]
[WhiteElo "2138"]
[BlackElo "2452"]

1. e4 c5 2. Nf3 d6 3. d4 cxd4 4. Qxd4 Nc6 5. Bb5 Bd7 6. Qd3 g6 7. Nc3 Bg7
8. Bg5 h6 9. Bh4 Qa5 10. O-O Nf6 11. Rfe1 O-O 12. a3 g5 13. Bg3 Ng4 14. Bc4
Nge5 15. Nxe5 Nxe5 16. Bxe5 Qxe5 17. Rab1 Rac8 18. Nd5 Rfe8 19. c3 Bc6 20.
Rbd1 e6 21. Nb4 Ba4 22. Rc1 Red8 23. Ba2 a5 24. Nc2 Bxc2 25. Qxc2 b5 26.
Qe2 Rc5 27. Rcd1 Rb8 28. Rd2 b4 29. cxb4 axb4 30. g3 bxa3 31. bxa3 Ra8 32.
Rd3 Rc3 33. Red1 Rcxa3 34. Bb1 R3a6 35. Kg2 Rb6 36. R3d2 Rab8 37. Bd3 Rb2
38. Qf3 Rxd2 39. Rxd2 Qa5 40. Rc2 Be5 41. h4 Kg7 42. hxg5 hxg5 43. Qh5 Bf6
44. Be2 Qe5 45. Bf3 Rh8 46. Qg4 Qa1 47. Bd1 Qa5 48. Re2 Qc5 49. Bc2 Qe5 50.
Qf3 Qa1 0-1

[Event "Turniej Niepodleglosci 2022"]
[Site "Warsaw POL"]
[Date "2022.11.11"]
[Round "2.4"]
[White "Krasenkow, Michal"]
[Black "Wisniewski, Michal"]
[Result "1-0"]
[WhiteElo "2450"]
[BlackElo "2130"]

1. e4 g6 2. d4 d6 3. c4 Bg7 4. Nc3 Nd7 5. f4 e6 6. Nf3 Ne7 7. Bd3 d5 8.
cxd5 exd5 9. e5 Nb6 10. O-O Bf5 11. Bxf5 Nxf5 12. g4 Nh4 13. Qe1 Nxf3+ 14.
Rxf3 Qd7 15. f5 O-O-O 16. Qf2 Rhg8 17. Kh1 Rde8 18. e6 Bxd4 19. Qxd4 fxe6
20. fxe6 Rxe6 21. Bg5 Qd6 22. Nb5 Qe5 23. Qxe5 Rxe5 24. Bf4 Re4 25. Bxc7
Rxg4 26. Bg3 Rg7 27. Rc1+ Kd8 28. Rf8+ Ke7 29. Rb8 Kf6 30. Nxa7 Ra4 31. Nb5
Rxa2 32. Rf8+ Kg5 33. Rg1 Kh5 34. Be5 Re7 35. Rf3 g5 36. Bf6 g4 37. Nd6 Re5
38. Bxe5 gxf3 39. Bf6 f2 40. Rg5+ Kh6 41. Nf5# 1-0

[Event "Turniej Niepodleglosci 2022"]
[Site "Warsaw POL"]
[Date "2022.11.11"]
[Round "2.5"]
[White "Zysko, Jan"]
[Black "Jakubowski, Krzysztof"]
[Result "0-1"]
[WhiteElo "2122"]
[BlackElo "2404"]

1. e4 c5 2. Nf3 e6 3. d4 cxd4 4. Nxd4 Nc6 5. Nc3 Qc7 6. Be3 a6 7. Qd2 Nf6
8. O-O-O Bb4 9. f3 Ne5 10. a3 Bxc3 11. Qxc3 Qxc3 12. bxc3 d5 13. exd5 Nxd5
14. Bd2 b5 15. a4 bxa4 16. Re1 Nd7 17. c4 N5f6 18. Bb4 g6 19. Nc6 h5 20. h4
a5 21. Nxa5 Ba6 22. Kb2 Rc8 23. Ka3 Rg8 24. Kxa4 g5 25. hxg5 Rxg5 26. Bd2
Rgc5 27. Bb4 Rg5 28. Bd2 Rgc5 29. Bb4 Nb6+ 30. Kb3 Nxc4 31. Bxc5 Nxa5+ 32.
Ka4 Bxf1 33. Kxa5 Rxc5+ 34. Kb4 Rxc2 35. Rexf1 Rxg2 36. Kc4 Rg5 37. Kd4 Ke7
38. Rfg1 Rf5 39. Rh3 Nd5 40. Ke4 Rf4+ 41. Kd3 Ra4 42. Rh2 Ra3+ 43. Kd4 Ra4+
44. Kd3 Kf6 45. Re1 Nf4+ 46. Ke3 e5 47. Rb1 Kf5 48. Rb3 f6 49. Kf2 Ra1 50.
Ke3 Rf1 51. Ra3 Rg1 52. Ra4 Rb1 53. Ra3 Kg5 54. Ra5 Rb3+ 55. Kf2 Rb2+ 56.
Kg3 h4+ 0-1

[Event "Turniej Niepodleglosci 2022"]
[Site "Warsaw POL"]
[Date "2022.11.11"]
[Round "2.6"]
[White "Janczarski, Michal"]
[Black "Smieszek, Wojciech"]
[Result "1-0"]
[WhiteElo "2401"]
[BlackElo "2108"]

1. c4 Nf6 2. g3 c5 3. Bg2 Nc6 4. Nc3 g6 5. e4 Bg7 6. f4 O-O 7. Nf3 d6 8. d3
Nd4 9. Nxd4 cxd4 10. Nd5 Nxd5 11. cxd5 Qa5+ 12. Bd2 Qb5 13. Qb3 Qa6 14. O-O
Bg4 15. Rfc1 Rfc8 16. Kf2 Bd7 17. Rxc8+ Rxc8 18. Rc1 Rxc1 19. Bxc1 Bb5 20.
Bf1 f5 21. exf5 gxf5 22. Qc2 b6 23. b3 Be8 24. a4 Bf7 25. Qc4 Qa5 26. Bg2
b5 27. Qxb5 Qc3 28. Qc4 Qa1 29. Bf3 Qa2+ 30. Kg1 Bf6 31. h3 Kg7 32. Bd1 Qa1
33. Qc2 Bxd5 34. Bb2 Qa2 35. g4 fxg4 36. hxg4 h6 37. g5 hxg5 38. fxg5 Be5
39. Kf2 a5 40. Bc1 Bxb3 41. Qxa2 Bxa2 42. Bd2 Bb1 43. Ke2 Kg6 44. Bxa5 Kxg5
45. Bd8 Ba2 46. Bxe7+ Kf5 47. Kd2 Ke6 48. Bh4 Bd5 49. Bg4+ Kf7 50. a5 Bb7
51. Kc2 d5 52. Bd7 Bc7 53. Be1 Ke7 54. Bb5 Kd8 55. Kb3 Kc8 56. Bb4 Kb8 57.
a6 Ba8 58. Bc5 Be5 59. Kb4 Kc8 60. Be8 Kb8 61. Kb5 Kc8 62. a7 Bc7 63. Bc6
1-0